Common Names of Chemicals - Statistics

General Stats
  • This quiz has been taken 43 times
  • The average score is 4 of 10
Answer Stats
Chemical Compund Common Name % Correct
Sodium Bicarbonate Baking Soda
76%
Nitrous Oxide Laughing Gas
73%
Solid Carbon Dioxide Dry Ice
70%
Trinitrotoluene TNT
51%
Sodium Hypochlorite Bleach
49%
Deuterium Oxide Heavy Water
43%
Sodium Tetraborate Decahydrate Borax
19%
Magnesium Hydroxide Milk of Magnesia
19%
Trichloromethane Chloroform
16%
Calcium Sulphate-Hemihydrate Plaster of Paris
11%
No matching quizzes found
Score Distribution
Percent of People with Each Score
Percentile by Number Answered
Your Score History
You have not taken this quiz